000 00352nam a2200157Ia 4500
100 _aMartin / John C
250 _a2
942 _cBK
654 _aMathematics
245 _aInt to Languages & Theory of Compulations
260 _bTata Mc Graw hill
_aMumbai
_c1997
082 _a511.3
_bMAR
300 _a450
546 _aENGLISH
999 _c30769
_d30769